Una mirada a las reformas educativas de Bolivia y países latinoamericanos : bibliografía comentada (1953-1995) /

Bibliographic Details
Main Author: Paco, Delfina
Other Authors: Siñani Catacora, Edgar
Format: Libro
Language:Spanish
Published: La Paz CEBIAE 1997
Series:Cuadernos educativos 47
Subjects:

MARC

LEADER 00000cam a2200000 a 4500
001 000420
003 UAHC_CL
005 20170803115632.0
008 091229s1997 bo 000 spa
040 |a UAHC_CL  |c UAHC_CL  |d UAHC_CL 
082 0 4 |a 016.370984  |b P121  |2 20 
100 1 |a Paco, Delfina 
245 1 4 |a Una mirada a las reformas educativas de Bolivia y países latinoamericanos :  |b bibliografía comentada (1953-1995) /  |c Delfina Paco Coronel, Edgar Siñani Catacora. 
260 |b CEBIAE  |a La Paz  |c 1997 
300 |a 281 p. 
490 0 |a Cuadernos educativos  |v 47 
505 0 |a Bolivia -- Países latinoamericanos -- Autores personales -- Autores corporativos -- Descriptores -- Cronológico -- Índice de Unidades de Información. 
650 4 |a EDUCACION  |z BOLIVIA  |v BIBLIOGRAFIAS 
650 4 |a REFORMA EDUCACIONAL  |z AMERICA LATINA  |v BIBLIOGRAFIAS 
650 4 |a REFORMA EDUCACIONAL  |z BOLIVIA  |v BIBLIOGRAFIAS 
650 4 |a EDUCACION  |z AMERICA LATINA  |v BIBLIOGRAFIAS 
700 1 |a Siñani Catacora, Edgar 
900 |a 016.370984 PAC 
942 |c BK 
952 |0 0  |1 0  |4 0  |6 016_370984000000000_PAC  |7 0  |8 General  |9 739  |a BC  |b BC  |c General  |d 2017-08-03  |l 0  |o 016.370984 PAC  |p 1376160  |r 2026-01-07 00:00:00  |t 1  |w 2017-08-03  |y BK 
999 |c 420  |d 420